Serie A 1901 Standings - Statistics

General Stats
  • This quiz has been taken 3 times
  • The average score is 3 of 5
Answer Stats
Rank # Team % Correct
2nd Genoa
100%
1st Milan
100%
3rd Juventus
67%
Qualifications Ginnastica Torino
0%
Qualifications Mediolanum
0%
No matching quizzes found
Score Distribution
Percent of People with Each Score
Percentile by Number Answered
Your Score History
You have not taken this quiz